Animaux par lettre en 1min - C - Statistiques

Statistiques générales
  • Ce quiz a été pris 92 fois
    25 depuis la dernière actualisation
  • Le résultat moyen est 7 sur 54
Statistiques - réponses
Réponse % Correct
Chien
86%
Chat
82%
Cheval
50%
Cochon
50%
Colibri
45%
Canard
36%
Cerf
27%
Chenille
27%
Chèvre
27%
Cochon d’Inde
23%
Crabe
23%
Crocodile
23%
Castor
18%
Cobra
18%
Calamar
14%
Caméléon
14%
Carpe
14%
Chameau
14%
Chimpanzé
14%
Coccinelle
14%
Crotale
14%
Cacatoès
9%
Cachalot
9%
Capybara
9%
Chauve-souris
9%
Chouette
9%
Corbeau
9%
Caille
5%
Caïman
5%
Casoar
5%
Chacal
5%
Chamois
5%
Cigogne
5%
Coelacanthe
5%
Concombre de mer
5%
Cormoran
5%
Coyote
5%
Cygne
5%
Campagnol
0%
Capucin
0%
Caracal
0%
Carangue
0%
Cavia
0%
Céphalopode
0%
Cervolet
0%
Cigale
0%
Circaète
0%
Coléoptère
0%
Colobe
0%
Corneille
0%
Coucou
0%
Couleuvre
0%
Courlis
0%
Criquet
0%
Aucun quiz correspondant
Distribution des résultats
% des personnes avec chaque résultat
Percentile par nombre de réponses
Votre historique - résultats
Vous n’avez pas pris ce quiz depuis la dernière actualisation